| 000 | 01369 a2200277 4500 | ||
|---|---|---|---|
| 003 | Nust | ||
| 005 | 20220816191611.0 | ||
| 010 | _a 2005276533 | ||
| 020 | _a0470013516 | ||
| 035 | _a(OCoLC)ocm57692300 | ||
| 040 | _cNust | ||
| 082 | 0 | 0 | _a621.3821,KRE |
| 100 | 1 |
_aKreher, Ralf. _997515 |
|
| 245 | 1 | 0 |
_aUMTS signalling : _bUMTS interfaces, protocols, message flows and procedures analyzed and explained / _cRalf Kreher and Torsten R赤enbusch. |
| 260 |
_aChichester, West Sussex, England ; _aHoboken, NJ : _bJohn Wiley & Sons, _c2005. |
||
| 300 |
_axii, 438 p. : _bill. ; _c26 cm. |
||
| 505 | _aUMTS Basic (Page-1), Short Interdouction to Network Monitoring, Troubleshooting and Network Optimization (Page-133), UMTS UTRAN Signaling Procedures (Page-149), Sigaling Procedures in The 3G Core Network (Page-351). | ||
| 650 | 0 | _aTelecommunication Engineering | |
| 650 | 0 |
_aTelecommunication _xMessage processing. _997516 |
|
| 650 | 0 |
_aTelecommunication _xQuality control. _997517 |
|
| 700 | 1 |
_aR赤enbusch, Torsten. _997518 |
|
| 856 | 4 | 2 |
_3Contributor biographical information _uhttp://www.loc.gov/catdir/enhancements/fy0626/2005276533-b.html |
| 856 | 4 | 2 |
_3Publisher description _uhttp://www.loc.gov/catdir/enhancements/fy0626/2005276533-d.html |
| 856 | 4 | 2 |
_3Table of contents only _uhttp://www.loc.gov/catdir/enhancements/fy0626/2005276533-t.html |
| 942 |
_cREF _2ddc |
||
| 999 |
_c175709 _d175709 |
||